000 00714nam a2200181 a 4500
001 000034765
005 20200930073905.0
008 111019s1968 mx 000 0 spa d
040 _aDO-SdBNP
_bspa
_cBNPHU
082 _axxxx
_bP227
100 1 _aPareja, Carlos H.
_960247
245 1 3 _aEl padre camilo :
_bel cura guerrillero, 4 ensayos sobre la lucha entre el pueblo y la oligarquía en la historia de Colombia.
260 _aMéxico :
_bEditorial Nuestra América,
_c1968.
300 _a262 p. ;
_c21 cm.
504 _aIncluye bibliografía : p.258-263
505 0 _tLos Comuneros : Galán (1781) ;
_tNariño el rebelde (1814) ;
_tJorge Eliécer Gaitán (1948) ;
_tEl padre Camilo Torres (1966).
049 _aBNGR
999 _c34256
_d34256